Caracterización biológica del sector de Sisavita, municipio de Cucutilla, Norte de Santander (Registro nro. 3020)
[ vista simple ]
| 000 -CABECERA | |
|---|---|
| Campo de control | 01027nam a2200289 a 4500 |
| 005 - FECHA Y HORA DE LA ULTIMA TRANSACCION | |
| Campo de control | 20200521110935.0 |
| 008 - ELEMENTOS DE LONGITUD FIJA—INFORMACION GENERAL | |
| Campo de control | 140122b2002 ck ||||| |||| 00| 0 spa d |
| 040 ## - FUENTE DE CATALOGACIÓN | |
| Agencia catalogadora original | CO-BoIAVH |
| Agencia transcriptora | CO-BoIAVH |
| 041 ## - IDIOMA | |
| Código de idioma para texto/pista de sonido o título separado | Español |
| 044 ## - PAÍS DE PUBLICACIÓN | |
| País de publicación | Colombia |
| 090 ## - CLASIFICACIÓN LOCAL | |
| Colección | IAvH |
| Consecutivo | 00226 |
| 100 ## - ASIENTO PRINCIPAL--NOMBRE PERSONAL | |
| Nombre personal | Pulido, Astrid |
| 110 ## - ASIENTO PRINCIPAL--NOMBRE CORPORATIVO | |
| Unidad subordinad | Instituto de Investigación de Recursos Biológicos Alexander von Humboldt. Grupo de Exploración y Monitoreo Ambiental |
| 245 ## - MENCION DE TITULO | |
| Título | Caracterización biológica del sector de Sisavita, municipio de Cucutilla, Norte de Santander |
| 260 ## - PUBLICACION, DISTRIBUCION, ETC. (PIE DE IMPRENTA) | |
| Lugar de publicación, distribución, etc. | Villa de Leyva (Boyacá) |
| Nombre del editor, distribuidor, etc. | Instituto Alexander von Humboldt |
| Fecha de publicación, distribución, etc. | 2002 |
| 300 ## - DESCRIPCION FISICA | |
| Extensión | 120 p |
| 650 #0 - ASIENTO SECUNDARIO DE MATERIA - TERMINO TEMATICO | |
| Término temático o nombre geográfico como elemento de entrada | Caracterización biológica |
| 650 #0 - ASIENTO SECUNDARIO DE MATERIA - TERMINO TEMATICO | |
| Término temático o nombre geográfico como elemento de entrada | Métodos de campo |
| 650 #0 - ASIENTO SECUNDARIO DE MATERIA - TERMINO TEMATICO | |
| Término temático o nombre geográfico como elemento de entrada | Vegetación |
| 700 ## - ASIENTO SECUNDARIO - NOMBRE PERSONAL | |
| Nombre personal | Estela, Felipe |
| 700 ## - ASIENTO SECUNDARIO - NOMBRE PERSONAL | |
| Nombre personal | Mendoza Cifuentes, Humberto |
| 700 ## - ASIENTO SECUNDARIO - NOMBRE PERSONAL | |
| Nombre personal | Ospina, Mónica |
| 700 ## - ASIENTO SECUNDARIO - NOMBRE PERSONAL | |
| Nombre personal | Prieto C., Adriana |
| 700 ## - ASIENTO SECUNDARIO - NOMBRE PERSONAL | |
| Nombre personal | Alvarez Saa, Gustavo |
| 700 ## - ASIENTO SECUNDARIO - NOMBRE PERSONAL | |
| Nombre personal | Tobar L |
| 942 ## - ELEMENTOS ADICIONALES (KOHA) | |
| Tipo de ítem | Informe Técnico |
| Sistema de clasificación | Local |
| Withdrawn status | Lost status | Sistema de Clasificación | Damaged status | No para préstamo | Colección | Ubicación Permanente | Ubicación actual | Fecha de adquisición | Fuente de Valor | Total Checkouts | Número topográfico | Inventario / Código de Barras | Date last seen | Ejemplar | Price effective from | Tipo de material | Public note |
|---|---|---|---|---|---|---|---|---|---|---|---|---|---|---|---|---|---|
| Local | Humboldt | Villa de Leyva | Villa de Leyva | 04/02/2003 | Prieto, Adriana | IAvH-00226 | 003887 | 04/12/2012 | Ej. 1 | 04/12/2012 | Informe Técnico | ||||||
| Local | Humboldt | Villa de Leyva | Villa de Leyva | 04/02/2003 | Prieto, Adriana | IAvH-00226 | 003888 | 04/12/2012 | Ej. 2 | 04/12/2012 | Informe Técnico | Caracterización biológica del sector de Sisavita, municipio de Cucutilla, Norte de Santander | |||||
| Local | Humboldt | Villa de Leyva | Villa de Leyva | 04/02/2003 | Prieto, Adriana | IAvH-00226 | 003889 | 04/12/2012 | Ej. 3 | 04/12/2012 | Informe Técnico | Caracterización biológica del sector de Sisavita, municipio de Cucutilla, Norte de Santander |